La letra y el instante: Anotaciones a la actualidad cultural 1961-1963

সংরক্ষণ করুন:
গ্রন্থ-পঞ্জীর বিবরন
প্রধান লেখক: Díaz-Plaja, Guillermo
বিন্যাস: গ্রন্থ
ভাষা:Spanish
প্রকাশিত: Madrid, España Editora Nacional 1967
বিষয়গুলি:
ট্যাগগুলো: ট্যাগ যুক্ত করুন
কোনো ট্যাগ নেই, প্রথমজন হিসাবে ট্যাগ করুন!

MARC

LEADER 00000nam a2200000Ia 4500
008 170316s9999 xx 000 0 spa d
040 |a cru BVZT 
090 |a 862 D-7L 
100 |a Díaz-Plaja, Guillermo 
245 |a La letra y el instante: Anotaciones a la actualidad cultural 1961-1963  |c Guillermo Díaz-Plaja 
260 |a Madrid, España 
260 |b Editora Nacional 
260 |c 1967 
300 |a 298 páginas 
650 |a LITERATURA ESPAÑOLA 
942 |c 15 D 
999 |c 9802  |d 9802